00829nam a22002417a 45000010005000000030006000050050017000110080041000280400029000690500016000980820012001141000017001262450078001432600057002213000060002785050008003385200127003465210020004735210020004936500019005136500024005327000031005567109FISKH20250624083540.0250624b cb ||||| |||| 00| 0 eng d aFISKHbengcFISKHdFISKH aPZ7.T3297 P a823.914 aThayer, Jane aThe puppy who wanted a boy / cby Jane Thayer : Illustrated by Lisa McCue aNew York : bWilliam Morow & Company, Inc ., c1958. a32 unnumbered pages : bcolor illustrations ;c23 cm .  aK  aWhen Petey the puppy decides that he wants a boy for Christmas, he discovers that he must go out and find one on his own. 8 a510 bLexile 8 aK bRaz-Plus  aDogs vFiction aChristmas vFiction aMcCue, Lisa eIllustrator